000 00413pam a2200169 a 4500
020 _a07-Y66306-8
_c
040 _aALGP_623003
041 _aeng
082 _a621.388
_bGRO
100 _aGrob, Bernard
_eAuthor
245 _aBasic television And Video Systems
_hPaper
250 _a5th ed
260 _aNew York
_bMcGraw Hill Book Company
_c1986
300 _a464p.
500 _aCentral Library
930 _a9573
999 _c86478
_d86478